000 00924nam a22003017a 4500
001 8022
003 FISKH
005 20250819100134.0
008 250819b cb ||||| |||| 00| 0 eng d
020 _a9780698114357
040 _aFISKH
_beng
_cFISKH
_dFISKH
050 _aPZ7.W187 C
082 _a813
100 _aWard, Cindy
245 _aCookie's week /
_cBy Cindy Week ; Illustrated by Tomie dePaola
250 _aThis edition first published in 1998
260 _aNew York :
_bPenguinYoung,
_c1998
300 _a28 unumbered pages :
_bcolor illustrations ;
_c18 x 20 cm
505 _aG
520 _aCookie the cat gets into a different kind of mischief every day of the week.
521 8 _a360
_bLexile
521 8 _aG
_bRaz-Plus
650 _2Days of the week
_aCalendar
650 _2Tomie dePaola
_aMischief
700 _adePaola, Tomie
_dillustrator
942 _2ddc
_cBK
_n0
999 _c8022
_d8022